00285nam a22000857a 4500008004100000010001700041245007400058260002300132500004400155150624b xxu||||| |||| 00| 0 eng d 8HCCRSARF:008 aHIGH COURT CRIMINAL SESSION NO.560 OF 1970 Uganda Vs Wesonga Malikoha aHigh Court Kampala 3BEFORE: Hon. Mr. Justice R.E.G. Russell